MDQL
is popping MORE tags! Check the
thread
!
Quizzes
Events
Quiz Creation
Community
Videos
Private Events
Remove Ads
Sign In
Join for FREE
Feedback
Dark Mode
Quiz Categories
Sports
Geography
Music
Movies
Television
Just For Fun
Miscellaneous
History
Literature
Language
Science
Gaming
Entertainment
Religion
Holiday
For Kids
Quiz Lab
Recent
Popular Today
Quiz Kudos Today
Editor Picks
Curator Picks
Quizzes by...
Day
Popularity
Type
Ratings
Length
Year
Community
Subscriptions
Recent Discussions
Orange Saloon
Badges
Playlists
Quests
Create
Leaderboards
Showdown
Live 5
Trivia Bingo
Activity
Puzzle Library
Sporcle Events
Private Events
Virtual Trivia
Globe League
Become a Host
Pub Owners
SporcleCon
Opinionation
Our Games
Videos
Blog
Mobile Apps
Partnerships
Remove Ads and Go Orange
Feedback
Just For Fun
Clickable
Get the Picture
Humor
Quick Pick
Word Ladder
Missing Word
Mixed Word
Blitz
Minefield
This or That
Alphabet
Color
Typing
Sporcle
Puzzle
Word Play
Follow That Line
Logic
Just For Fun
Clickable
Get the Picture
Humor
Quick Pick
Word Ladder
Missing Word
Mixed Word
Blitz
Minefield
This or That
Alphabet
Color
Typing
Sporcle
Puzzle
Word Play
Follow That Line
Logic
Random Quiz
Search Sporcle
×
Quiz Lab
Quiz Lab
Just For Fun
Orlando
Type in answers that appear in a list
Type in answers that appear in a list
Classic
Best Score? Go Orange.
Universal Studios Orlando Rides Stats
Can you name the Universal Studios Orlando Rides?
By
benzack
15m
26 Questions
222 Plays
222 Plays
222 Plays
Comments
Comments
Give Quiz Kudos
Give Quiz Kudos
-
- Ratings
hide this ad
Replay
Link that replays current quiz
Next Quiz
Link to next quiz in quiz playlist
You Got
0%
They Got
Avg Score
44%
Avg Friend Score
Upgrade to see
Score Distribution
Jump to the score distribution portion of the page
Score
0/26
Timer
15:00
0
Plays Today
Park
Ride
% Correct
Islands of Adventure
The Hulk
73.9%
Universal Studios
Shrek
71.6%
Universal Studios
Despicable Me
70.7%
Universal Studios
Revenge of the Mummy
69.8%
Islands of Adventure
Spiderman
68.5%
Universal Studios
ET
61.7%
Universal Studios
Men in Black
61.3%
Universal Studios
Transformers
58.1%
Universal Studios
The Simpsons Ride
57.7%
Universal Studios
Twister
50%
Islands of Adventure
The Cat in the Hat
45%
Universal Studios
Disaster
44.1%
Universal Studios
Hollywood Rip Ride Rocket
42.8%
Park
Ride
% Correct
Universal Studios
Terminator
41.4%
Islands of Adventure
Dragon Challenge
41%
Islands of Adventure
Harry Potter and the Forbidden Journey
40.5%
Islands of Adventure
Jurassic Park River Adventure
39.6%
Universal Studios
Woody Woodpecker
38.3%
Islands of Adventure
Dr Dooms Fear Fall
37.4%
Islands of Adventure
Flight of the Hippogriff
35.1%
Islands of Adventure
Dudley Do-Rights Ripsaw Falls
32.4%
Islands of Adventure
Storm Force Acceleration
22.1%
Islands of Adventure
Popeye and Blutos Bilge-Rat Barges
22.1%
Islands of Adventure
High in the Sky Suess Trolley Train Ride
10.8%
Islands of Adventure
Poseidons Feury
8.6%
Islands of Adventure
Carroseussal
7.2%
Quiz Playlist
Details
Report
Send in Message
Add To Playlist
Classic:
Type in answers that appear in a list
Last Updated: Aug 13, 2017
Quiz Scoreboard
CHALLENGE
Sign Up to Join the Scoreboard
Show All
Scores
Hide
Comments
May contain spoilers
Recently Published
1-10 Letter E Words III
by El_Dandy
Language
2m
Street Fighter Characters
by Artimus82
Gaming
60s
College Basketball Coaching Resumes
by pancakes188
Sports
9m
More to Explore
Quiz From the Vault
Featured Blog Post
Where Did the Easter Bunny Come From?
hide this ad
You Might Also Like...
Tags
Orlando
park
ride
studio
Universal
Universal Studios
Today's Top Quizzes in Just For Fun
Browse Just For Fun
hide this ad
Today's Top Quizzes in Orlando
Browse Orlando
Top Contributed Quizzes in Just For Fun
1
Name Just One - 10 to 1: Just For Fun
2
Killer Double Trees 224 - Colour Match-Up
3
Spring Typing Challenge
4
Crossword Whiteout! 49
5
Zeroing In: Just For Fun
6
Survivor Winners Logic Puzzle
7
Word Ladder: Ahoy Matey
8
Word Ladder: Wilderness Weapon
9
Kyle's 122nd Triple Trees
10
Clickable Animal Jokes #2
Explore More
Trending Topics
Kpop
Disney
NBA
Anime
Harry Potter
Marvel
Crossword
WWE
Puzzle
NFL
Pokémon
Song
Soccer
The Office
Country
hide this ad
More By:
benzack
Quiz
Plays
Rating
Category
Featured
Created
Spider-man villains that have appeared in movies
314
1.33
Movies
Nov 28, 2013
Batman villains appeared in movies (after 1967)
281
2.80
Movies
Nov 28, 2013
Big 4 sports teams with bird names
238
1.00
Sports
Nov 23, 2013
Universal Studios Orlando Rides
222
1.33
Just For Fun
Jun 8, 2013
Big 4 sports teams with a color in their name
218
5.00
Sports
Nov 23, 2013
Go to Creator's Profile
Score Distribution
Quiz Creator Spotlight
benzack
Follow
Send a Message
Quizzes Created
-
Created Quiz Play Count
-
More By This Creator
Popular Quizzes Today
1
Find the US States - No Outlines Minefield
2
Find the Countries of Europe - No Outlines Minefield
3
The Countries of the World
4
Find the US States
5
Risky Map Clicking: Biggest States A-Z
6
US States
7
Popular People in 1961
8
Movies - When Are They Set?
More Just For Fun Quizzes
Programming or Pokemon (Gigantamax Edition)
Quiz Lab
Trending Quizzes
Risky Map Clicking: Least Populous States A-Z
Billboard Blitz: Aretha Franklin
Famous Russians: Author or Composer?
Countries of the World: 200 Million BC
1-10 Letter G Words
Recently Updated
Leaping Animals
pecheneg
Reality TV Shows (A-Z)
bhenderson79
Rickey Henderson's Hall of Fame Teammates
pecheneg
Champions League XIs: Arsenal
pecheneg
Quick Pick: Celebrities in WWE's Hall of Fame
aduchscher
A-Z Keypad Blitz II
pecheneg
Multiple Oscar Actors
pecheneg
Mystery Phrase Blitz: Oscar 'Best Actors'
pecheneg
F. Scott Fitzgerald Novels
LTH
Pick 3 Villains
ddd62291
Trending Topics
Disney
Anime
NBA
Harry Potter
Marvel
Crossword
Kpop
Puzzle
The Office
NFL
Country
Song
WWE
Soccer
Pokémon
Your Account Isn't Verified!
In order to create a playlist on Sporcle, you need to verify the email address you used during registration. Go to your
Sporcle Settings
to finish the process.
Report this User
Report this user for behavior that violates our
Community Guidelines
.
Details:
Send Report
Go to the Sporcle.com Mobile Site →
Comments